• 首页
  • 本馆介绍
  • 公告通知
  • 最新文献
  • 馆藏检索
  • 电子资源
  • 读者导购
  • 参考咨询
  • 我的图书馆
  • 登录
  • 详细信息显示
  • 放入我的书架
  • 预约/预借图书
  • 作者相关作品
  • 分类相关作品
  • 丛书相关作品
  • 出版社相关作品

书目信息

  • 表格格式
  • 工作单格式
  • 卡片格式
题名:
手冲咖啡
    
 
作者: 缪力果 编著
分册:  
出版信息: 北京   中国轻工业出版社  2019.06
页数: 160页
开本: 24cm
丛书名: “手作特饮”系列
单 册:
中图分类: TS273
科图分类:
主题词: 咖啡--ka fei--基本知识
电子资源:
ISBN: 978-7-5184-2424-5
000 00906nam 2200265 450
001 CAL 0120192789557
005 20230217093113.0
010    @a978-7-5184-2424-5@dCNY45.00
100    @a20190705d2019 em y0chiy0120 ea
101 0  @achi
102    @aCN@b110000
105    @aa z 000yy
106    @ar
200 1  @a手冲咖啡@Ashou chong ka fei@f缪力果编著
210    @a北京@c中国轻工业出版社@d2019.06
215    @a160页@c彩图@d24cm
225 2  @a“手作特饮”系列@A“ shou zuo te yin ”xi lie
314    @a缪力果, 高级调酒师。
330    @a本书主要以介绍各式口味的咖啡及如何泡出美味咖啡为中心, 兼述咖啡的相关知识, 让读者通过阅读也能对咖啡有深入的了解, 同时掌握日常生活中冲泡出美味咖啡的技巧。
410  0 @12001 @a“手作特饮”系列
606 0  @a咖啡@Aka fei@x基本知识
690    @aTS273@v5
701  0 @a缪力果@Amou li guo@4编著
801  0 @aCN@bBJXHZP@c20230228
905    @b1380571-4@dTS273@e390@f4
    
    手冲咖啡/缪力果编著.-北京:中国轻工业出版社,2019.06
    160页:彩图;24cm.-(“手作特饮”系列)
    
    
    ISBN 978-7-5184-2424-5:CNY45.00
    本书主要以介绍各式口味的咖啡及如何泡出美味咖啡为中心, 兼述咖啡的相关知识, 让读者通过阅读也能对咖啡有深入的了解, 同时掌握日常生活中冲泡出美味咖啡的技巧。
●
相关链接 在E读中查询图书 在五车中查询图书 在当当中查询图书 在豆瓣中查询图书


正题名:手冲咖啡     索取号:TS273/390         预约/预借

序号 登录号 条形码 馆藏地/架位号 状态 备注
1 1380571   213805710   第二样本阅览室/ [索取号:TS273/390] 在馆    
2 1380572   213805729   第三借阅区/ [索取号:TS273/390] 在馆    
3 1380573   213805738   第三借阅区/ [索取号:TS273/390] 在馆    
4 1380574   213805747   第三借阅区/ [索取号:TS273/390] 在馆    
唐山师范学院图书馆 欢迎您!
大连网信软件有限公司© 版权所有